Statistics for Guess The Lyrics To Empire Of The Sun's "Walking On A Dream"

Click here to take the quiz!

General Stats

  • This quiz has been taken 15 times
  • The average score is 163 of 264

Answer Stats

# Answer % Correct
91me
100%
238I
100%
164I
100%
154me
100%
13I
100%
182I
100%
256I
100%
63me
100%
192me
100%
7I
100%
73I
100%
197me
100%
100a
100%
3a
100%
183can
90%
39On
90%
41on
90%
134on
90%
43on
90%
165can
90%
214on
90%
2on
90%
132on
90%
130On
90%
74can
90%
206on
90%
1Walking
90%
5How
90%
4dream
90%
257can
90%
239can
90%
6can
90%
219we
80%
248it
80%
65it
80%
259it
80%
129it
80%
126the
80%
122the
80%
118it
80%
135we
80%
76it
80%
115it
80%
112the
80%
107We
80%
103the
80%
85see
80%
86The
80%
87love
80%
88you
80%
27it
80%
14see
80%
167it
80%
230it
80%
174it
80%
38it
80%
31the
80%
44we
80%
24it
80%
185it
80%
156it
80%
35the
80%
21the
80%
16We
80%
241it
80%
96the
80%
114of
70%
108are
70%
111for
70%
229Is
70%
224is
70%
221is
70%
99in
70%
117of
70%
153of
70%
176now
70%
232now
70%
151in
70%
125for
70%
173Is
70%
128of
70%
131and
70%
158now
70%
250now
70%
155Is
70%
247Is
70%
136are
70%
139and
70%
147in
70%
149of
70%
121up
70%
133and
70%
40and
70%
60in
70%
20for
70%
17are
70%
23of
70%
67now
70%
42and
70%
45are
70%
34for
70%
12Will
70%
26of
70%
37of
70%
56in
70%
30up
70%
10to
70%
48and
70%
90in
70%
62of
70%
92Now
70%
64Is
70%
58of
70%
186When
60%
264one
60%
181one
60%
178two
60%
177When
60%
172one
60%
170people
60%
169two
60%
168When
60%
163one
60%
161people
60%
160two
60%
187two
60%
205going
60%
188people
60%
244people
60%
262people
60%
261two
60%
260When
60%
8explain
60%
255one
60%
253people
60%
252two
60%
251When
60%
15again
60%
246one
60%
243two
60%
190one
60%
242When
60%
237one
60%
235people
60%
234two
60%
233When
60%
225right
60%
223that
60%
50again
60%
203just
60%
200down
60%
195down
60%
159When
60%
179people
60%
68When
60%
72one
60%
70people
60%
77When
60%
146just
60%
141again
60%
81one
60%
69two
60%
55just
60%
79people
60%
78two
60%
53down
60%
144down
60%
119Always
50%
194falling
50%
75feel
50%
127thrill
50%
22thrill
50%
102where
50%
25thrill
50%
199falling
50%
105working
50%
258feel
50%
208your
50%
28Always
50%
52looking
50%
218All
50%
212So
50%
213come
50%
201Don't
50%
89found
50%
216from
50%
83I'd
50%
95all
50%
109always
50%
240feel
50%
143looking
50%
18always
50%
113thrill
50%
116thrill
50%
97time
50%
36thrill
50%
184feel
50%
166feel
50%
220got
40%
106overtime
40%
82Thought
40%
249real
40%
254become
40%
245become
40%
80become
40%
110running
40%
222tonight
40%
120pushing
40%
231real
40%
19running
40%
84never
40%
104minutes
40%
228light
40%
236become
40%
51Never
40%
124searching
40%
29pushing
40%
180become
40%
157real
40%
49out
40%
152front
40%
54I'm
40%
162become
40%
263become
40%
47out
40%
46calling
40%
145I'm
40%
171become
40%
142Never
40%
175real
40%
140out
40%
98Living
40%
138out
40%
11myself
40%
32hill
40%
9Talking
40%
207I'm
40%
71become
40%
123hill
40%
202stop
40%
198I'm
40%
196Catch
40%
137calling
40%
193I'm
40%
33searching
40%
191Catch
40%
189become
40%
66real
40%
61front
40%
101rhythm
30%
210lean
30%
227first
30%
217inside
30%
215deliver
30%
211upon
30%
209shoulder
30%
204keep
30%
59what's
30%
94changing
30%
57awe
30%
148awe
30%
150what's
30%
93it's
30%
226until
20%

Score Distribution

Percentile by Number Answered

Percent of People with Each Score

Your Score History

You have not taken this quiz